• 首页
  • 本馆介绍
  • 公告通知
  • 最新文献
  • 馆藏检索
  • 电子资源
  • 读者导购
  • 参考咨询
  • 我的图书馆
  • 登录
  • 详细信息显示
  • 放入我的书架
  • 预约/预借图书
  • 作者相关作品
  • 分类相关作品
  • 丛书相关作品
  • 出版社相关作品

书目信息

  • 表格格式
  • 工作单格式
  • 卡片格式
题名:
现代人类性心理学
    
 
作者: 许智权 编著
分册:  
出版信息: 芜湖   安徽师范大学出版社  2016.8
页数: 337页
开本: 24cm
丛书名: 地方高水平大学建设教育学研究丛书
单 册:
中图分类: R167
科图分类:
主题词: 性心理学--研究
电子资源:
ISBN: 978-7-5676-2442-9
000 01217nam 2200265 450
001 0400009193
005 20171119104041.0
010    @a978-7-5676-2442-9@dCNY65.00
100    @a20171119e20172016em y0chiy ea
101 0  @achi
102    @aCN@b340000
105    @ay z 000yy
106    @ar
200 1  @a现代人类性心理学@Axian dai ren lei xing xin li xue@d= Sexual psychology of modern mankind@f许智权编著@zeng
210    @a芜湖@c安徽师范大学出版社@d2016.8@h2017.9
215    @a337页@d24cm
225 1  @a地方高水平大学建设教育学研究丛书
330    @a本书阐述的是在现代人类性生活中(包含性活动、性行为、性交接)产生并参与其中的性心理,有常态性心理和非常态性心理。重点考察了常态性心理中性认知、性感知、性表象、性思维、性记忆、性人格、性体验、性意志、性意识、性自我意识、性需要性动机、性兴趣、性能力等方面,从而研究性心理形成的过程、性心理的特点、性心理发展的阶段、性心理的功能、各种性心理之间的关系。本书也考察了非常态性心理的几个方面。
410  0 @12001 @a地方高水平大学建设教育学研究丛书
510 1  @aSexual psychology of modern mankind@zeng
606 0  @a性心理学@x研究
690    @aR167@v5
701  0 @a许智权@Axu zhi quan@4编著
801  0 @aCN@b上海新华@c20171119
905    @b1028572-6@dR167@e245@f5
    
    现代人类性心理学= Sexual psychology of modern mankind/许智权编著.-芜湖:安徽师范大学出版社,2016.8(2017.9)
    337页;24cm.-(地方高水平大学建设教育学研究丛书)
    
    
    ISBN 978-7-5676-2442-9:CNY65.00
    本书阐述的是在现代人类性生活中(包含性活动、性行为、性交接)产生并参与其中的性心理,有常态性心理和非常态性心理。重点考察了常态性心理中性认知、性感知、性表象、性思维、性记忆、性人格、性体验、性意志、性意识、性自我意识、性需要性动机、性兴趣、性能力等方面,从而研究性心理形成的过程、性心理的特点、性心理发展的阶段、性心理的功能、各种性心理之间的关系。本书也考察了非常态性心理的几个方面。
●
相关链接 在E读中查询图书 在五车中查询图书 在当当中查询图书 在豆瓣中查询图书


正题名:现代人类性心理学     索取号:R167/245         预约/预借

序号 登录号 条形码 馆藏地/架位号 状态 备注
1 1028572   210285724   第二样本阅览室/ [索取号:R167/245] 在馆    
2 1028573   210285733   密集书库-生命科学系/ [索取号:R167/245] 在馆    
3 1028574   210285742   第三借阅区/ [索取号:R167/245] 在馆    
4 1028575   210285751   第三借阅区/ [索取号:R167/245] 在馆    
5 1028576   210285760   第三借阅区/ [索取号:R167/245] 在馆    
唐山师范学院图书馆 欢迎您!
大连网信软件有限公司© 版权所有